[Event "4NCL Division 1a"]
[Site "Telford, ENG"]
[Date "2019.02.10"]
[Round "6.13"]
[White "Camacho Collados, Jose"]
[Black "Sadler, Matthew D"]
[Result "0-1"]
[WhiteElo "2402"]
[BlackElo "2691"]
[PlyCount "160"]
[EventDate "2019.02.10"]
[WhiteTeam "White Rose 1"]
[BlackTeam "Guildford 1"]

1. Nf3 d5 2. g3 Bg4 3. Bg2 Nd7 4. d4 e6 5. O-O c6 6. c3 Bd6 7. Qb3 Rb8 8. e4
Ne7 9. c4 O-O 10. Nc3 dxc4 11. Qxc4 b5 12. Qd3 b4 13. Na4 Qa5 14. b3 Rfd8 15.
Nd2 Qh5 16. Qe3 c5 17. Bb2 cxd4 18. Qxd4 Ne5 19. f4 N7c6 20. Qe3 Nd3 21. e5 Bc7
22. Nc4 Nxb2 23. Naxb2 Nd4 24. Rf2 Rd7 25. Nd3 Bd8 26. Nc5 Nf5 27. Qe1 Rd4 28.
Na6 Rb5 29. Nxb4 Be7 30. Nc6 Bc5 31. Nxd4 Bxd4 32. Rc1 g5 33. Nd6 Rb8 34. Ne4
Qg6 35. Nf6+ Kh8 36. fxg5 Qxg5 37. Nxg4 Qxg4 38. Qe4 Qg5 39. Qf4 Qg7 40. g4 Rg8
41. Rc4 Bxe5 42. Qf3 Nd6 43. Rc6 f5 44. Qd1 Qh6 45. h3 fxg4 46. hxg4 Ne8 47.
Kf1 Ng7 48. Qc1 Qg6 49. Qe3 Bb8 50. Qe4 Qg5 51. Qc4 Qd8 52. Qc2 Be5 53. Rf7 Qe8
54. Rf3 Qd7 55. Rc5 Bd6 56. Rc4 Be5 57. Rc5 Bd6 58. Qd3 Qe7 59. Rc6 Be5 60. Qe4
Qd7 61. Rc5 Bd4 62. Rc4 Bb6 63. Qc2 Rd8 64. Rh3 Rf8+ 65. Bf3 h5 66. Kg2 Kg8 67.
Re4 Rc8 68. Qe2 Rc5 69. Rc4 Rg5 70. Qc2 Nf5 71. Rc8+ Kf7 72. Kh1 Qd4 73. Qd1
hxg4 74. Rh7+ Kg6 75. Rg8+ Kxh7 76. Rxg5 gxf3 77. Rh5+ Kg6 78. Qxd4 Bxd4 79.
Rh3 f2 80. Kg2 e5 0-1

[Event "4NCL Division 1a"]
[Site "Telford, ENG"]
[Date "2019.02.10"]
[Round "6.14"]
[White "Edouard, Romain"]
[Black "Palliser, Richard J D"]
[Result "1-0"]
[WhiteElo "2641"]
[BlackElo "2415"]
[PlyCount "117"]
[EventDate "2019.02.10"]
[WhiteTeam "Guildford 1"]
[BlackTeam "White Rose 1"]

1. e4 c5 2. Nf3 d6 3. Bb5+ Bd7 4. Bxd7+ Qxd7 5. O-O Nf6 6. Qe2 Nc6 7. Rd1 g5 8.
c3 g4 9. Nh4 O-O-O 10. d4 d5 11. e5 Ne4 12. Bf4 Rg8 13. dxc5 Nxc5 14. b4 Ne6
15. Bg3 Bh6 16. Nf5 Nf4 17. Qc2 Ne2+ 18. Qxe2 Qxf5 19. b5 Na5 20. Na3 e6 21.
Rd4 Bf8 22. Ra4 Bxa3 23. Rxa3 Nc4 24. Rxa7 Kb8 25. Ra4 Qg5 26. f4 gxf3 27. Qxf3
Rd7 28. Re1 h5 29. Qf2 b6 30. Ra6 Kb7 31. a4 Ra8 32. Bh4 Qg8 33. Rxa8 Qxa8 34.
Qc2 Qh8 35. Qe2 Rc7 36. h3 Qh6 37. Qf2 Qd2 38. Qf3 Qh6 39. Bf2 Qg6 40. Bd4 Rc8
41. Rf1 Rc7 42. Qe2 Qg5 43. Rf2 Qg6 44. Qf1 Qh7 45. Kh2 Qg8 46. Rf6 Nd2 47. Qd3
Ne4 48. Rf4 Qg6 49. Qe3 Rc4 50. Qf3 Rc7 51. Rh4 Rc4 52. Rf4 Rc7 53. Qe3 Rc4 54.
Rf3 h4 55. Qf4 Ng5 56. Rf1 Rxa4 57. Qxh4 Ra2 58. Qg4 Qd3 59. Rf4 1-0

[Event "4NCL Division 1a"]
[Site "Telford, ENG"]
[Date "2019.02.10"]
[Round "6.15"]
[White "Chow, Samuel"]
[Black "Pert, Nicholas"]
[Result "0-1"]
[WhiteElo "2334"]
[BlackElo "2557"]
[PlyCount "172"]
[EventDate "2019.02.10"]
[WhiteTeam "White Rose 1"]
[BlackTeam "Guildford 1"]

1. d4 d5 2. c4 c6 3. Nf3 Nf6 4. Qc2 dxc4 5. Qxc4 Bf5 6. g3 e6 7. Bg2 Nbd7 8.
O-O Be7 9. Nc3 O-O 10. Qb3 Qb6 11. Re1 Ne4 12. Nh4 Bxh4 13. gxh4 Ndf6 14. f3
Nxc3 15. bxc3 e5 16. e4 Be6 17. Qa4 Nh5 18. Be3 Qd8 19. Bg5 f6 20. Be3 Nf4 21.
Bxf4 exf4 22. Rad1 b5 23. Qa6 Qb6 24. Qxb6 axb6 25. d5 cxd5 26. exd5 Bd7 27.
Rd2 Ra3 28. Re4 Rfa8 29. Rxf4 Rxa2 30. Rfd4 Rxd2 31. Rxd2 Ra3 32. Rc2 Kf8 33.
Bf1 Ke7 34. Rb2 Rxc3 35. Bxb5 Bxb5 36. Rxb5 Rxf3 37. Rxb6 Rf4 38. Rb7+ Kd6 39.
Rxg7 Rxh4 40. Kg2 Rh6 41. Ra7 Kxd5 42. Kg3 Ke4 43. Ra4+ Kf5 44. Ra5+ Kg6 45.
Ra8 Rh5 46. Rg8+ Kf7 47. Ra8 Rb5 48. Ra7+ Kg6 49. Rc7 Rb3+ 50. Kg2 h5 51. Rc8
Kg5 52. Ra8 Rb4 53. Kg3 h4+ 54. Kh3 Rb3+ 55. Kg2 Rb2+ 56. Kh3 f5 57. Ra4 Re2
58. Rb4 Re3+ 59. Kg2 Re4 60. Rb8 Re2+ 61. Kf3 Rxh2 62. Rg8+ Kf6 63. Rf8+ Kg6
64. Rg8+ Kf7 65. Rh8 Kg7 66. Rh5 Kg6 67. Rh8 Rh3+ 68. Kf4 Rh1 69. Rg8+ Kf7 70.
Rh8 Kg7 71. Ra8 Rf1+ 72. Kg5 h3 73. Ra7+ Kg8 74. Ra2 Kf7 75. Re2 Rf3 76. Kh5
Kf6 77. Kh4 Rd3 78. Re1 h2 79. Rh1 Rd8 80. Kg3 Rh8 81. Kg2 Kg5 82. Kf3 Rh3+ 83.
Kg2 Kg4 84. Kf2 f4 85. Kg2 f3+ 86. Kf2 Rh8 0-1

[Event "4NCL Division 1a"]
[Site "Telford, ENG"]
[Date "2019.02.10"]
[Round "6.16"]
[White "Le Roux, Jean-Pierre"]
[Black "Weller, Jean-Luc"]
[Result "1-0"]
[WhiteElo "2536"]
[BlackElo "2258"]
[PlyCount "65"]
[EventDate "2019.02.10"]
[WhiteTeam "Guildford 1"]
[BlackTeam "White Rose 1"]

1. d4 Nf6 2. Nf3 d5 3. c4 c6 4. Nbd2 Bf5 5. Nh4 Be4 6. e3 Nbd7 7. Be2 e6 8. O-O
Bd6 9. g3 O-O 10. b3 h6 11. Nxe4 Nxe4 12. Bb2 Qa5 13. a3 Nc3 14. Bxc3 Qxc3 15.
c5 Be7 16. b4 a5 17. Qb1 Bxh4 18. gxh4 axb4 19. Rc1 Qxa3 20. Rxa3 bxa3 21. Qxb7
Nf6 22. Bd3 Rfc8 23. Ra1 Rab8 24. Qa7 Ra8 25. Qb6 Rab8 26. Qa5 Ra8 27. Qc3 Rc7
28. Rxa3 Rxa3 29. Qxa3 Kf8 30. Qa8+ Ke7 31. Ba6 Ne8 32. Bc8 Nf6 33. Qb8 1-0

[Event "4NCL Division 1a"]
[Site "Telford, ENG"]
[Date "2019.02.10"]
[Round "6.22"]
[White "Tan, Justin"]
[Black "Griffiths, Ryan Rhys"]
[Result "1-0"]
[WhiteElo "2513"]
[BlackElo "2359"]
[PlyCount "81"]
[EventDate "2019.02.10"]
[WhiteTeam "Wood Green"]
[BlackTeam "Barbican 4NCL 1"]

1. d4 Nf6 2. c4 e6 3. Nf3 Nc6 4. e3 Bb4+ 5. Nbd2 O-O 6. Bd3 Re8 7. Ne5 d5 8.
Qc2 dxc4 9. Qxc4 Qd5 10. Nxc6 Qxc4 11. Bxc4 bxc6 12. O-O c5 13. a3 Bxd2 14.
Bxd2 cxd4 15. exd4 Rd8 16. Ba5 Rd6 17. d5 Rxd5 18. Rac1 Rd4 19. Rcd1 Rxd1 20.
Rxd1 Bd7 21. Ba6 c6 22. Bc7 Nd5 23. Bb7 Re8 24. Bd6 Rd8 25. Bg3 f6 26. b4 Kf7
27. f3 Ke8 28. Rc1 Kf7 29. Rc5 Ne7 30. Bc7 Rg8 31. Ra5 e5 32. Rxa7 Ke6 33. Bb6
Nd5 34. Bc5 Nc3 35. Ba6 Nb5 36. a4 Nc3 37. Bc4+ Nd5 38. b5 Rc8 39. b6 f5 40. a5
e4 41. a6 1-0

[Event "4NCL Division 1a"]
[Site "Telford, ENG"]
[Date "2019.02.10"]
[Round "6.23"]
[White "Franklin, Samuel G A"]
[Black "Haria, Ravi"]
[Result "1/2-1/2"]
[WhiteElo "2336"]
[BlackElo "2430"]
[PlyCount "95"]
[EventDate "2019.02.10"]
[WhiteTeam "Barbican 4NCL 1"]
[BlackTeam "Wood Green"]

1. e4 e6 2. d4 d5 3. Nc3 Bb4 4. e5 c5 5. a3 Ba5 6. b4 cxd4 7. Qg4 Kf8 8. Nb5
Bb6 9. Nf3 Nc6 10. Bb2 Nge7 11. Nbxd4 h5 12. Qf4 Ng6 13. Nxc6 bxc6 14. Qd2 Nh4
15. Ng5 Qe7 16. Qf4 Ng6 17. Qg3 Bd8 18. Nf3 a5 19. Bd3 Ba6 20. O-O Qd7 21. Rfe1
Bxd3 22. cxd3 Ne7 23. Nd4 Bb6 24. Qf4 h4 25. Bc3 a4 26. Rac1 Rh5 27. Qg4 g6 28.
Nf3 Nf5 29. d4 Kg7 30. Bd2 Qa7 31. Be3 Rc8 32. h3 Bd8 33. Rc3 Qa6 34. Nd2 Bb6
35. Rec1 Qb5 36. R1c2 Ba7 37. Nf3 Kg8 38. Ne1 Qb6 39. Nf3 Kg7 40. Rc5 Qa6 41.
b5 Qb7 42. bxc6 Qb1+ 43. Rc1 Qb2 44. R5c3 Bb6 45. R1c2 Qb1+ 46. Rc1 Qb2 47.
R1c2 Qb1+ 48. Bc1 1/2-1/2

[Event "4NCL Division 1a"]
[Site "Telford, ENG"]
[Date "2019.02.10"]
[Round "6.26"]
[White "Taylor, Adam C"]
[Black "Taylor, Martin R"]
[Result "1-0"]
[WhiteElo "2372"]
[BlackElo "2341"]
[PlyCount "81"]
[EventDate "2019.02.10"]
[WhiteTeam "Wood Green"]
[BlackTeam "Barbican 4NCL 1"]

1. Nf3 d5 2. g3 Nf6 3. Bg2 Bf5 4. O-O e6 5. c4 c6 6. Nc3 Be7 7. Qb3 Qb6 8. d3
Nbd7 9. Be3 Qxb3 10. axb3 a6 11. Nh4 Bg6 12. h3 O-O 13. f4 Ne8 14. Nxg6 hxg6
15. Bf2 Nc7 16. Na4 Rad8 17. Be1 Rfe8 18. Kh2 dxc4 19. bxc4 e5 20. Ba5 Rc8 21.
fxe5 Ne6 22. Nb6 Nxb6 23. Bxb6 Bc5 24. Bxc5 Nxc5 25. d4 Nb3 26. Rad1 c5 27. e3
Re7 28. Bd5 Na5 29. Rf4 cxd4 30. exd4 Nxc4 31. Rxf7 Rxf7 32. Rf1 Rcc7 33. Rxf7
Rxf7 34. Bxc4 b5 35. Bxf7+ Kxf7 36. Kg2 a5 37. Kf2 a4 38. Ke2 b4 39. Kd3 a3 40.
bxa3 bxa3 41. Kc3 1-0

[Event "4NCL Division 1a"]
[Site "Telford, ENG"]
[Date "2019.02.10"]
[Round "6.48"]
[White "Roy, Ali"]
[Black "Smith, Lynda"]
[Result "1/2-1/2"]
[WhiteElo "1889"]
[BlackElo "1960"]
[PlyCount "58"]
[EventDate "2019.02.10"]
[WhiteTeam "Alba"]
[BlackTeam "North East England"]

1. Nf3 f5 2. d4 Nf6 3. g3 g6 4. Bg2 Bg7 5. O-O O-O 6. c4 d6 7. d5 e5 8. dxe6
Bxe6 9. Nd4 Bc8 10. Nc3 c6 11. b3 Na6 12. Bb2 Nc7 13. Qd2 d5 14. cxd5 Ncxd5 15.
Rfd1 Nxc3 16. Qxc3 Qb6 17. Rd3 Ne4 18. Qc2 c5 19. Nf3 Bxb2 20. Qxb2 c4 21. Re3
Rd8 22. Ne5 Rd2 23. Qc1 cxb3 24. axb3 Rd4 25. Bxe4 fxe4 26. Qc2 Be6 27. Ra3
Rad8 28. Nc4 Bxc4 29. bxc4 a6 1/2-1/2

[Event "4NCL Division 1a"]
[Site "Telford, ENG"]
[Date "2019.03.16"]
[Round "7.11"]
[White "Taylor, Adam A"]
[Black "Jones, Gawain C B"]
[Result "0-1"]
[WhiteElo "2252"]
[BlackElo "2681"]
[PlyCount "90"]
[EventDate "2019.03.16"]
[WhiteTeam "North East England"]
[BlackTeam "Guildford 1"]

1. Nf3 g6 2. g3 Bg7 3. d4 c5 4. Bg2 cxd4 5. Nxd4 Nc6 6. Nxc6 bxc6 7. O-O h5 8.
h4 Nh6 9. c3 O-O 10. Qc2 Ng4 11. Nd2 d5 12. Nf3 e5 13. Nh2 Nf6 14. Bg5 Qb6 15.
Be3 Qa6 16. Qd3 Rb8 17. b4 Qb7 18. Bc5 Bf5 19. Qd1 Rfd8 20. Qa4 a6 21. Be3 Ne4
22. Rac1 Qb5 23. Qa3 Nd6 24. Qb3 Nc4 25. a4 Qb7 26. Bg5 f6 27. e4 fxg5 28. exf5
Nd2 29. Qd1 Nxf1 30. Nxf1 Qf7 31. fxg6 Qxg6 32. Bf3 g4 33. Be2 c5 34. bxc5 Qc6
35. Ne3 Qxc5 36. Bxa6 Bh6 37. Qd3 e4 38. Qd4 Qxd4 39. cxd4 Rb4 40. Rc6 Bxe3 41.
fxe3 Rxa4 42. Bb7 Ra1+ 43. Kg2 Rb1 44. Rc7 Kf8 45. Rh7 Rd6 0-1

[Event "4NCL Division 1a"]
[Site "Telford, ENG"]
[Date "2019.03.16"]
[Round "7.12"]
[White "McShane, Luke J"]
[Black "Oyama, Akito"]
[Result "1-0"]
[WhiteElo "2661"]
[BlackElo "2206"]
[PlyCount "113"]
[EventDate "2019.03.16"]
[WhiteTeam "Guildford 1"]
[BlackTeam "North East England"]

1. e4 c5 2. Nf3 Nc6 3. Bb5 Qc7 4. O-O a6 5. Bxc6 dxc6 6. a4 e5 7. a5 Bd6 8. d3
Ne7 9. Nbd2 O-O 10. Re1 Ng6 11. Nc4 Bg4 12. Ne3 Bxf3 13. Qxf3 Nf4 14. h4 Ne6
15. h5 h6 16. Nc4 Nd4 17. Qd1 Be7 18. c3 Ne6 19. Qg4 Bg5 20. Qf5 Bf4 21. g3
Bxc1 22. Raxc1 Ng5 23. Re3 f6 24. f4 Nf7 25. Rf3 Rfe8 26. Qg6 Nd6 27. Ne3 Qf7
28. c4 Rad8 29. Rc3 Rd7 30. Kg2 Re6 31. Rb3 exf4 32. Qxf7+ Rxf7 33. gxf4 f5 34.
e5 Ne8 35. Rb6 g6 36. b4 gxh5 37. bxc5 Rg6+ 38. Rg3 Rxg3+ 39. Kxg3 Ng7 40. d4
Ne6 41. d5 h4+ 42. Kxh4 Nxf4 43. e6 Rf6 44. Rxb7 Ng6+ 45. Kh3 h5 46. e7 Kf7 47.
d6 f4 48. Rb8 Nxe7 49. d7 fxe3 50. d8=Q e2 51. Qd2 Re6 52. Rb1 Ng6 53. Re1 Re4
54. Qd7+ Kf6 55. Qxc6+ Kf5 56. Qxe4+ Kxe4 57. Rxe2+ 1-0

[Event "4NCL Division 1a"]
[Site "Telford, ENG"]
[Date "2019.03.16"]
[Round "7.13"]
[White "Dargan, Paul A G"]
[Black "Edouard, Romain"]
[Result "0-1"]
[WhiteElo "2170"]
[BlackElo "2658"]
[PlyCount "66"]
[EventDate "2019.03.16"]
[WhiteTeam "North East England"]
[BlackTeam "Guildford 1"]

1. e4 c5 2. c3 g6 3. d4 cxd4 4. cxd4 d5 5. Nc3 dxe4 6. Bc4 Nc6 7. Nge2 Nf6 8.
Qb3 e6 9. d5 exd5 10. Nxd5 Nxd5 11. Bxd5 Qe7 12. Qc3 Ne5 13. Bxe4 Bg7 14. f4 f5
15. Bd5 Nc6 16. Bxc6+ Kf8 17. Qf3 bxc6 18. Be3 Kf7 19. Kf2 Rb8 20. Rab1 Re8 21.
b3 Ba6 22. Rhe1 Rb4 23. Rbc1 Re4 24. Nc3 Re6 25. Nd1 Qh4+ 26. Qg3 Qd8 27. Rc2
Qd3 28. Rd2 Rxe3 29. Rxd3 Rxd3 30. Rxe8 Kxe8 31. Qh4 Rxd1 32. Qxh7 Bd4+ 33. Kg3
Rd3+ 0-1

[Event "4NCL Division 1a"]
[Site "Telford, ENG"]
[Date "2019.03.16"]
[Round "7.14"]
[White "Pert, Nicholas"]
[Black "Coathup, Roger H"]
[Result "1-0"]
[WhiteElo "2560"]
[BlackElo "2207"]
[PlyCount "79"]
[EventDate "2019.03.16"]
[WhiteTeam "Guildford 1"]
[BlackTeam "North East England"]

1. d4 Nf6 2. Nf3 g6 3. c4 Bg7 4. Nc3 O-O 5. Bg5 h6 6. Bh4 c5 7. d5 d6 8. e3 Qb6
9. Qc2 Bf5 10. e4 Bg4 11. Nd2 e5 12. f3 Bd7 13. g4 Na6 14. a3 Nh7 15. Bd3 Bf6
16. Bf2 Bg5 17. h4 Bf4 18. Ne2 g5 19. hxg5 hxg5 20. Kf1 Kg7 21. Kg2 Rh8 22. b4
Nf6 23. Nxf4 gxf4 24. Be2 Rxh1 25. Rxh1 Rh8 26. Rxh8 Kxh8 27. Qb1 Qc7 28. Nb3
cxb4 29. axb4 Nxb4 30. c5 b6 31. c6 Bc8 32. Nd4 Na6 33. Qa1 Nc5 34. Nb5 Qd8 35.
Qxa7 Kg7 36. Qc7 Qxc7 37. Nxc7 Kf8 38. Na8 Ke8 39. Nxb6 Kd8 40. Bh4 1-0

[Event "4NCL Division 1a"]
[Site "Telford, ENG"]
[Date "2019.03.16"]
[Round "7.15"]
[White "Oswald, Graeme E"]
[Black "Plat, Vojtech"]
[Result "1/2-1/2"]
[WhiteElo "2151"]
[BlackElo "2533"]
[PlyCount "102"]
[EventDate "2019.03.16"]
[WhiteTeam "North East England"]
[BlackTeam "Guildford 1"]

1. e4 d6 2. d4 Nf6 3. Nc3 e5 4. Nf3 Nbd7 5. Bc4 Be7 6. O-O O-O 7. Qe2 c6 8. a4
a5 9. h3 exd4 10. Nxd4 Nc5 11. Re1 Be6 12. Nxe6 fxe6 13. e5 Nd5 14. exd6 Bxd6
15. Ne4 Nxe4 16. Qxe4 Bc5 17. Be3 Bxe3 18. fxe3 Qd6 19. Rad1 Rf6 20. Bd3 g6 21.
c4 Ne7 22. Qd4 e5 23. Qxd6 Rxd6 24. c5 Rdd8 25. Bc4+ Kg7 26. e4 Ng8 27. Bxg8
Kxg8 28. Kf2 Rf8+ 29. Ke3 b6 30. Rd6 bxc5 31. Rxc6 Rab8 32. Kd3 Rxb2 33. Rxc5
Rxg2 34. Rxe5 Ra2 35. Rxa5 Ra3+ 36. Kd4 Rd8+ 37. Ke5 Rxh3 38. Ke6 Rhd3 39. Ra7
Re8+ 40. Kf6 Rf3+ 41. Kg5 Re5+ 42. Kg4 Rf8 43. a5 h5+ 44. Kg3 Rg5+ 45. Kh3 Rf3+
46. Kh2 Rf2+ 47. Kh3 Rf3+ 48. Kh2 Re5 49. a6 Ra5 50. Rd1 Ra2+ 51. Kg1 Rg3+
1/2-1/2

[Event "4NCL Division 1a"]
[Site "Telford, ENG"]
[Date "2019.03.16"]
[Round "7.16"]
[White "Le Roux, Jean-Pierre"]
[Black "Malola, Prasath.T.S"]
[Result "1-0"]
[WhiteElo "2539"]
[BlackElo "2087"]
[PlyCount "49"]
[EventDate "2019.03.16"]
[WhiteTeam "Guildford 1"]
[BlackTeam "North East England"]

1. d4 Nc6 2. e4 e5 3. dxe5 Nxe5 4. Nf3 Qf6 5. Nc3 Bb4 6. Bd2 Ne7 7. Nxe5 Qxe5
8. Bd3 c6 9. O-O Bc5 10. Kh1 Ng6 11. f4 Qe7 12. e5 b5 13. a4 b4 14. Ne4 a5 15.
Qh5 Ba6 16. e6 Bxd3 17. cxd3 d5 18. exf7+ Kd7 19. Qg4+ Kc7 20. Nxc5 Qxc5 21. f5
Nf8 22. Rac1 Qe7 23. Qxg7 Nd7 24. Bf4+ Kb6 25. f8=Q 1-0

[Event "4NCL Division 1a"]
[Site "Telford, ENG"]
[Date "2019.03.16"]
[Round "7.17"]
[White "Izod, Chris"]
[Black "Paehtz, Elisabeth"]
[Result "0-1"]
[WhiteElo "2065"]
[BlackElo "2448"]
[PlyCount "74"]
[EventDate "2019.03.16"]
[WhiteTeam "North East England"]
[BlackTeam "Guildford 1"]

1. d4 d5 2. Nf3 Nf6 3. c4 c6 4. cxd5 cxd5 5. Nc3 Nc6 6. Bf4 a6 7. e3 Bg4 8. Be2
e6 9. h3 Bh5 10. O-O Nd7 11. e4 dxe4 12. Nxe4 Nb6 13. Nc3 Be7 14. Qd2 Nb4 15.
Rad1 O-O 16. Rfe1 Rc8 17. Ne5 Bxe2 18. Qxe2 N6d5 19. Nxd5 Qxd5 20. a3 Nc2 21.
Rf1 Nxd4 22. Qd3 Rfd8 23. Rd2 f6 24. Nf3 Nxf3+ 25. Qxf3 Qxf3 26. gxf3 Rxd2 27.
Bxd2 Rc2 28. Bc3 Bxa3 29. bxa3 Rxc3 30. Rb1 b5 31. a4 bxa4 32. Rb6 Rxf3 33. Kg2
Rf4 34. Rxa6 e5 35. Ra7 h5 36. Kg3 h4+ 37. Kg2 Kh7 0-1

[Event "4NCL Division 1a"]
[Site "Telford, ENG"]
[Date "2019.03.16"]
[Round "7.18"]
[White "Hebden, Mark L"]
[Black "Smith, Lynda"]
[Result "1-0"]
[WhiteElo "2417"]
[BlackElo "1960"]
[PlyCount "103"]
[EventDate "2019.03.16"]
[WhiteTeam "Guildford 1"]
[BlackTeam "North East England"]

1. d4 f5 2. Nf3 Nf6 3. g3 g6 4. Bg2 Bg7 5. O-O O-O 6. c4 d6 7. Nc3 c6 8. Rb1
Ne4 9. Nxe4 fxe4 10. Ng5 d5 11. h4 h6 12. Nh3 Bf5 13. Nf4 dxc4 14. Be3 e5 15.
dxe5 Qxd1 16. Rfxd1 Bxe5 17. Rbc1 Bxb2 18. Rxc4 b5 19. Rc2 Bf6 20. h5 g5 21.
Ng6 Rd8 22. Rxd8+ Bxd8 23. Ne5 Bb6 24. Rd2 Bc7 25. Ng6 Kf7 26. Rc2 a5 27. Rc5
Be6 28. Bxe4 Bd6 29. Rc2 Ra6 30. f4 gxf4 31. Nxf4 Bg4 32. Kf2 a4 33. Bg6+ Kg8
34. Nd3 Nd7 35. Bxh6 Nf6 36. Bf4 Bxf4 37. gxf4 Bxh5 38. Bxh5 Nxh5 39. Nb4 Rb6
40. Kf3 Nf6 41. e4 Kf7 42. Rxc6 Rxc6 43. Nxc6 Nd7 44. f5 Kf6 45. Kf4 Nc5 46.
Nb4 a3 47. e5+ Kf7 48. Ke3 Ke7 49. Kd4 Nd7 50. Nd5+ Kd8 51. e6 Nb8 52. Kc5 1-0

[Event "4NCL Division 1a"]
[Site "Telford, ENG"]
[Date "2019.03.16"]
[Round "7.21"]
[White "Sreeves, Clement"]
[Black "Adair, James R"]
[Result "1-0"]
[WhiteElo "2357"]
[BlackElo "2475"]
[PlyCount "167"]
[EventDate "2019.03.16"]
[WhiteTeam "Alba"]
[BlackTeam "White Rose 1"]

1. Nf3 d5 2. c4 d4 3. e3 Nc6 4. exd4 Nxd4 5. Nxd4 Qxd4 6. Nc3 c6 7. d3 Nh6 8.
Be2 Nf5 9. g4 Nh4 10. Rg1 Ng6 11. Be3 Qd6 12. Qd2 e5 13. O-O-O Be7 14. Ne4 Qc7
15. h4 Nxh4 16. f4 exf4 17. Bxf4 Qd8 18. Be5 f6 19. Bc3 O-O 20. d4 f5 21. gxf5
Bxf5 22. d5 Ng6 23. Bd3 cxd5 24. Nf6+ Bxf6 25. Bxf5 Bxc3 26. Be6+ Kh8 27. Qxc3
Rf6 28. Bxd5 Nf4 29. Qe5 Qb6 30. Rge1 Rd8 31. Kb1 h6 32. Be4 Rdf8 33. c5 Qb4
34. a3 Qb5 35. Bc2 Qc4 36. Rd4 Qf7 37. Rd6 g5 38. Rh1 Kg7 39. Qe4 Ng6 40. Rxf6
Qxf6 41. Qxb7+ Rf7 42. Qd5 Qe5 43. Qd3 Rf6 44. Qd7+ Rf7 45. Qh3 Nh4 46. Qd3 Qf5
47. Qd4+ Qf6 48. Qe4 Qf5 49. Qxh4 gxh4 50. Bxf5 Rxf5 51. b4 Rf4 52. Kb2 Kf6 53.
Kb3 Rf3+ 54. Kc4 Rxa3 55. Rxh4 Kg5 56. Rh1 Ra2 57. Kd5 h5 58. c6 Rd2+ 59. Kc5
Rc2+ 60. Kd6 Rd2+ 61. Ke6 Re2+ 62. Kd7 Rd2+ 63. Ke8 Re2+ 64. Kd8 Rd2+ 65. Kc8
Rb2 66. c7 Rxb4 67. Rc1 Rf4 68. Kd7 Rf8 69. c8=Q Rxc8 70. Rxc8 h4 71. Ke6 h3
72. Ke5 Kg4 73. Ke4 Kg3 74. Ke3 Kg2 75. Rg8+ Kf1 76. Rh8 Kg2 77. Ke2 h2 78.
Rg8+ Kh3 79. Kf2 h1=N+ 80. Kf3 Kh2 81. Rg2+ Kh3 82. Rg7 Kh2 83. Rxa7 Kg1 84.
Ra2 1-0

[Event "4NCL Division 1a"]
[Site "Telford, ENG"]
[Date "2019.03.16"]
[Round "7.22"]
[White "McNab, Colin A"]
[Black "Greet, Andrew N"]
[Result "1/2-1/2"]
[WhiteElo "2416"]
[BlackElo "2420"]
[PlyCount "60"]
[EventDate "2019.03.16"]
[WhiteTeam "White Rose 1"]
[BlackTeam "Alba"]

1. Nf3 d5 2. g3 Nf6 3. Bg2 Bf5 4. d3 e6 5. O-O Be7 6. Nbd2 h6 7. c4 c6 8. b3
O-O 9. Bb2 a5 10. a3 Bh7 11. Ra2 Nbd7 12. Qa1 Ne8 13. Rd1 Bf6 14. Ne5 Nxe5 15.
Bxe5 Bxe5 16. Qxe5 Qd6 17. Qa1 Qe7 18. Rc1 Nd6 19. b4 axb4 20. axb4 Rxa2 21.
Qxa2 dxc4 22. dxc4 Rd8 23. c5 Nb5 24. Nc4 Qf6 25. Qb2 Rd4 26. Ne3 Qd8 27. Bf1
Bg6 28. Nc4 Rd1 29. Rxd1 Qxd1 30. Qd2 Qxd2 1/2-1/2

[Event "4NCL Division 1a"]
[Site "Telford, ENG"]
[Date "2019.03.16"]
[Round "7.23"]
[White "McKay, Roderick M"]
[Black "Wells, Peter K"]
[Result "0-1"]
[WhiteElo "2307"]
[BlackElo "2411"]
[PlyCount "70"]
[EventDate "2019.03.16"]
[WhiteTeam "Alba"]
[BlackTeam "White Rose 1"]

1. d4 Nf6 2. Nf3 d5 3. c4 e6 4. Nc3 c6 5. e3 Nbd7 6. Qc2 Bd6 7. Bd2 O-O 8. h3
b6 9. g4 Bb4 10. g5 Bxc3 11. Bxc3 Ne4 12. h4 f5 13. cxd5 exd5 14. Bd3 Qe7 15.
O-O-O a5 16. Be1 Bb7 17. Kb1 Rac8 18. Qe2 c5 19. h5 c4 20. Bc2 b5 21. Nh4 b4
22. f3 Nd6 23. Qh2 Qe6 24. Bg3 b3 25. axb3 cxb3 26. Bxb3 Nc4 27. Rhe1 Ndb6 28.
e4 fxe4 29. fxe4 dxe4 30. Bd6 Rfe8 31. Bc5 a4 32. Ba2 Bd5 33. g6 e3 34. Qf4
Nd2+ 35. Rxd2 exd2 0-1

[Event "4NCL Division 1a"]
[Site "Telford, ENG"]
[Date "2019.03.16"]
[Round "7.24"]
[White "Palliser, Richard J D"]
[Black "Gourlay, Iain"]
[Result "1/2-1/2"]
[WhiteElo "2410"]
[BlackElo "2346"]
[PlyCount "149"]
[EventDate "2019.03.16"]
[WhiteTeam "White Rose 1"]
[BlackTeam "Alba"]

1. e4 e5 2. Nf3 Nc6 3. Bc4 Nf6 4. d3 Be7 5. O-O O-O 6. Re1 d6 7. a4 Na5 8. Ba2
c5 9. c3 Nc6 10. Na3 h6 11. Bd2 a6 12. h3 Rb8 13. b4 cxb4 14. cxb4 d5 15. Nc2
dxe4 16. dxe4 b5 17. axb5 Rxb5 18. Bc4 Rb8 19. Rb1 Qc7 20. Qe2 Rd8 21. Bc3 Nh5
22. Bd5 Bd6 23. Bxc6 Qxc6 24. Bxe5 Nf4 25. Qd2 Ne6 26. Ncd4 Nxd4 27. Qxd4 f6
28. Bxd6 Rxd6 29. Qe3 Qb6 30. Qf4 Bb7 31. Nh4 Bc8 32. Ng6 Re6 33. Red1 Re8 34.
Rd6 Qb5 35. Rc1 Qxb4 36. Rc7 Rb7 37. Ne7+ Rxe7 38. Rxc8+ Kf7 39. Rdd8 Red7 40.
Qf5 Rxd8 41. Rxd8 Qb5 42. Qc8 Qb1+ 43. Kh2 Qxe4 44. Rd4 Qe5+ 45. f4 Qxd4 46.
Qxb7+ Kg6 47. Qxa6 Qxf4+ 48. Kg1 Qd4+ 49. Kh2 Kh7 50. Qc8 Qe5+ 51. Kg1 f5 52.
Qc4 Qe1+ 53. Kh2 Qe4 54. Qf7 Qf4+ 55. Kg1 Qg5 56. Kf2 Qg6 57. Qf8 Qe6 58. Kf3
g5 59. Kf2 Kg6 60. Qa8 h5 61. Qd8 g4 62. hxg4 hxg4 63. Qd3 Qe5 64. g3 Qc5+ 65.
Kg2 Kf6 66. Qe2 Qd4 67. Kh2 Qe4 68. Qa6+ Kg5 69. Qa2 Kf6 70. Qa6+ Ke5 71. Qa1+
Qd4 72. Qe1+ Kd5 73. Qe2 Qh8+ 74. Kg1 Qe5 75. Qb5+ 1/2-1/2

[Event "4NCL Division 1a"]
[Site "Telford, ENG"]
[Date "2019.03.16"]
[Round "7.25"]
[White "Morrison, Graham"]
[Black "Chow, Samuel"]
[Result "1/2-1/2"]
[WhiteElo "2274"]
[BlackElo "2336"]
[PlyCount "68"]
[EventDate "2019.03.16"]
[WhiteTeam "Alba"]
[BlackTeam "White Rose 1"]

1. d4 Nf6 2. c4 g6 3. Nc3 d5 4. cxd5 Nxd5 5. e4 Nxc3 6. bxc3 Bg7 7. Nf3 c5 8.
Bb5+ Nd7 9. O-O a6 10. Bd3 O-O 11. Bg5 b5 12. a4 b4 13. cxb4 cxb4 14. a5 Nb8
15. d5 Bg4 16. Rb1 Bc3 17. h3 Bxf3 18. Qxf3 Nd7 19. Qe3 Re8 20. d6 Qxa5 21.
Bxe7 Qc5 22. Qe2 Bf6 23. Bxa6 Bxe7 24. dxe7 Rxe7 25. Rfc1 Qb6 26. Bb5 Nc5 27.
Rxb4 Qa5 28. Rcb1 Rb8 29. Qc2 Rc7 30. R4b2 Qa8 31. Bf1 Rxb2 32. Qxb2 Rb7 33.
Qc2 Rxb1 34. Qxb1 Qxe4 1/2-1/2

[Event "4NCL Division 1a"]
[Site "Telford, ENG"]
[Date "2019.03.16"]
[Round "7.26"]
[White "Townsend, M Paul"]
[Black "Berry, Neil"]
[Result "1/2-1/2"]
[WhiteElo "2231"]
[BlackElo "2271"]
[PlyCount "45"]
[EventDate "2019.03.16"]
[WhiteTeam "White Rose 1"]
[BlackTeam "Alba"]

1. Nf3 d5 2. g3 Nf6 3. Bg2 c6 4. O-O Bg4 5. d3 Nbd7 6. Qe1 e5 7. e4 dxe4 8.
dxe4 Bc5 9. b4 Bd6 10. Na3 Qe7 11. Rb1 a5 12. Nc4 axb4 13. Nxd6+ Qxd6 14. Rxb4
Rxa2 15. Rxb7 O-O 16. Bb2 Rb8 17. Qb1 Rxb7 18. Qxa2 Qb8 19. Ba1 Nxe4 20. Nxe5
Nxe5 21. Bxe5 Qxe5 22. Bxe4 Bd7 23. Bg2 1/2-1/2

[Event "4NCL Division 1a"]
[Site "Telford, ENG"]
[Date "2019.03.16"]
[Round "7.27"]
[White "Findlay, David John"]
[Black "Wall, Tim P"]
[Result "1/2-1/2"]
[WhiteElo "2170"]
[BlackElo "2234"]
[PlyCount "68"]
[EventDate "2019.03.16"]
[WhiteTeam "Alba"]
[BlackTeam "White Rose 1"]

1. e4 e5 2. Nc3 Nc6 3. Nf3 Nf6 4. g3 Bc5 5. Bg2 d6 6. O-O Bd7 7. h3 Nd4 8. Nxd4
Bxd4 9. d3 c6 10. Kh2 h5 11. Qe2 Qe7 12. Nd1 Bb6 13. Ne3 Bc7 14. a4 a5 15. Bd2
Be6 16. b4 axb4 17. Bxb4 g6 18. Rfb1 h4 19. g4 O-O 20. Nf1 Nh7 21. Bd2 Bc8 22.
Bh6 Re8 23. Be3 Ng5 24. Nd2 Ne6 25. Nc4 Nf4 26. Qf3 Ra6 27. Kg1 d5 28. Nb6 Bxb6
29. Rxb6 Rxb6 30. Bxb6 d4 31. Bf1 Qb4 32. Bc7 g5 33. Qd1 Re6 34. a5 Qe7 1/2-1/2